[Event "BRA-ch 77th"]
[Site "Americana"]
[Date "2010.12.05"]
[Round "8"]
[White "Leitao, Rafael Duailibe"]
[Black "El Debs, Felipe de Cresce"]
[Result "1-0"]
[WhiteElo "2626"]
[BlackElo "2502"]
[Annotator "CB"]
[PlyCount "51"]
[EventDate "2010.11.29"]
[EventType "tourn"]
[EventRounds "11"]
[EventCountry "BRA"]
[EventCategory "10"]
[SourceTitle "CBM 139 Extra"]
[Source "ChessBase"]
[SourceDate "2011.01.05"]
[SourceVersion "1"]
[SourceVersionDate "2011.01.05"]
[SourceQuality "1"]

1. d4 Nf6 2. c4 g6 3. Nc3 d5 4. Bg5 Ne4 5. Bh4 Nxc3 6. bxc3 dxc4 7. e3 Be6 8.
Nf3 Bg7 9. Be2 O-O 10. O-O c5 11. Rb1 cxd4 12. Nxd4 Bd5 13. Qc2 Qc7 14. e4 Bc6
15. Bxc4 Be5 16. h3 Re8 17. f4 Bf6 {#} 18. Bxf7+ $3 {Leitão's brightest moment,
and the combination of the tournament by far.} Kxf7 19. Qb3+ e6 {#} (19... Kg7
{(or Kf8)} 20. Ne6+) 20. f5 $1 g5 (20... Bxh4 $2 21. fxe6+ Kg8 (21... Kg7 22.
Rf7+) 22. e7+ Kg7 23. Qf7+ Kh6 24. Nf5+ gxf5 25. Rxf5) 21. fxe6+ Kg6 22. Qc2
Qe5 23. Rxf6+ $1 Kxf6 24. Qf2+ Kg7 {#} 25. Rxb7+ $3 {A beautiful ending to a
magnificent combination!} Kh8 (25... Bxb7 26. Qf7+ Kh6 (26... Kh8 27. Qxe8+ Kg7
28. Qf7+ Kh6 29. Nf5+) 27. Nf5+) 26. Bg3 {It is mate with Qf6+ after the black
queen moves.} 1-0

[Event "Buenos Aires"]
[Site "Buenos Aires"]
[Date "1980.??.??"]
[Round "?"]
[White "Browne, Walter Shawn"]
[Black "Timman, Jan H"]
[Result "0-1"]
[WhiteElo "2540"]
[BlackElo "2600"]
[Annotator "Chekhov,V"]
[PlyCount "100"]
[EventDate "1980.10.15"]
[EventType "tourn"]
[EventRounds "13"]
[EventCountry "ARG"]
[EventCategory "13"]
[SourceTitle "MCL"]
[Source "ChessBase"]
[SourceDate "1999.07.01"]
[SourceVersion "1"]
[SourceVersionDate "1999.07.01"]
[SourceQuality "1"]

1. d4 Nf6 2. c4 g6 3. Nc3 d5 4. Nf3 Bg7 5. Bg5 Ne4 6. cxd5 Nxg5 7. Nxg5 e6 8.
Nf3 exd5 9. b4 (9. e3 a5 10. Be2 O-O 11. O-O Re8 12. a3 Bf8 13. Ne1 c6 14. Nd3
Bd6 $10 {Kakagelduev,A-Gurevich,I/Biel(izt)/1993/0:1 (50)/ Inf 58/519/}) 9...
O-O (9... Qd6 $1 10. a3 (10. Qb3 $6 Nc6 $1 $15) 10... O-O 11. e3 c6 12. Be2 Bf5
13. O-O Nd7 $10 {Seirawan,J-Kasparov,G/Dubai/1986/1:0 (67)/Inf 42/612/}) 10. e3
Be6 11. Rc1 (11. Be2 Nd7 12. O-O f5 13. Re1 Kh8 14. Bd3 g5 15. Rc1 a6 16. Na4
c6 17. Qc2 Qe7 18. Nc5 Nxc5 19. Qxc5 Qxc5 20. Rxc5 Bf6 $10 {Ivkov,B-Jansa,V/
Bor/1984/ Inf 38/613/}) 11... Nd7 (11... Qd6 $5) 12. Bd3 c6 13. O-O Qe7 14. Qb3
Rfc8 $1 15. Na4 (15. b5 c5 16. Nxd5 Qd6 17. e4 cxd4) 15... b6 16. Rc2 c5 (16...
Bf8 $5 17. Rb1 c5) 17. bxc5 bxc5 18. Qa3 Bf8 19. Ba6 Rc7 20. Nxc5 (20. Rfc1 $6
c4) 20... Nxc5 21. dxc5 Rxc5 22. Qxc5 Qxc5 23. Rxc5 Bxc5 24. Rc1 Bb6 $10 25.
Rc2 Rd8 26. Nd4 $6 (26. h3 d4 27. Nxd4 Bxd4 28. exd4 Rxd4 29. Bb5 {<<c7/=} (
29. Rc7 Ra4 30. Rxa7 Kg7)) 26... Bxd4 27. exd4 Rb8 28. Kf1 Rb4 29. Bc8 $6 (29.
Rc7 $5 Ra4 (29... Rxd4 30. Rxa7 Ra4 31. Ra8+ Kg7 32. Bb7) 30. Rxa7 Rxa2 31.
Ra8+ Kg7 32. Bb7 Rb2 33. Bc8 $5 (33. Bc6 $5 Rb6 34. Be8 Kf6 35. Ke2 Ke7 36. Ke3
Rb3+ 37. Ke2) 33... Bxc8 (33... Rb4 34. Bxe6 fxe6 35. Ra7+ $10) 34. Rxc8 Rb4
35. Ke2) 29... a5 (29... Rxd4 $2 30. Bxe6 fxe6 31. Rc8+ Kg7 32. Rc7+) 30. Bxe6
fxe6 31. Rd2 $5 (31. Rc8+ Kg7 32. Rc7+ Kf6 (32... Kh6 33. Re7) 33. Rxh7 Rxd4
34. Rh3 {a3/}) 31... Ra4 (31... Kf7 $5 32. Rd3 Ra4 33. a3 Rc4) 32. Ke2 Kf7 33.
Ke3 Kf6 $17 34. h4 Ra3+ (34... Kf5 35. f3 Ra3+ 36. Kf2 a4) 35. Kf4 (35. Ke2 Kf5
) 35... h6 36. f3 Rc3 37. g4 (37. Rb2 Rd3) 37... g5+ 38. hxg5+ hxg5+ 39. Kg3 a4
40. Rb2 (40. Rh2 Rd3 41. Rh6+ Kf7 42. Rh7+ Kg6 43. Ra7 Rxd4) 40... a3 41. Rh2
Re3 (41... Rd3 $6 42. Rh6+ Kf7 43. Rh7+ Kg6 44. Ra7) 42. Rd2 (42. Kf2 Rd3 43.
Ke2 (43. Rh6+ Kf7 44. Rh7+ Kg6 45. Ra7 Rd2+) 43... Rc3) 42... e5 43. dxe5+ Kxe5
44. Rh2 d4 45. Rh8 (45. Rh5 d3 46. Rxg5+ Kd4 $19) 45... Kd5 46. Kf2 Kc4 47. Rh5
Rc3 48. Rxg5 Rc2+ 49. Ke1 Rxa2 50. Ra5 Kd3 (50... Kd3 51. g5 Ke3 52. Kf1 d3 53.
g6 d2 $19) 0-1

[Event "AUT-ch"]
[Site "Voitsberg"]
[Date "1995.??.??"]
[Round "8"]
[White "Schroll, Gerhard"]
[Black "Wittmann, Walter"]
[Result "1/2-1/2"]
[WhiteElo "2380"]
[BlackElo "2380"]
[Annotator "ChessBase"]
[PlyCount "37"]
[EventDate "1995.??.??"]
[EventType "tourn"]
[EventRounds "15"]
[EventCountry "AUT"]
[EventCategory "5"]
[SourceTitle "CBM 049 Extra"]
[Source "ChessBase"]
[SourceDate "1996.01.01"]
[SourceVersion "1"]
[SourceVersionDate "1996.01.01"]
[SourceQuality "1"]

1. d4 Nf6 2. c4 g6 3. Nc3 Bg7 4. Nf3 d5 5. Bg5 dxc4 6. e4 c5 7. dxc5 Qa5 8. Nd2
Qxc5 9. Be3 Qb4 10. a3 Qxb2 11. Bd4 Nc6 12. Ra2 $2 (12. Rb1 Qxb1 (12... Qxa3
13. Nxc4 Qa6 14. Nd6+ $18) 13. Ndxb1 $18) 12... Qxa2 13. Nxa2 Nxd4 14. Bxc4 O-O
15. O-O b5 16. Bd3 Be6 17. Qb1 Rfd8 18. Rd1 Bh6 19. Nf1 1/2-1/2

[Event "Biel-17 GM"]
[Site "Biel"]
[Date "1984.08.02"]
[Round "10"]
[White "Huebner, Robert"]
[Black "Ftacnik, Lubomir"]
[Result "1-0"]
[WhiteElo "2620"]
[BlackElo "2570"]
[Annotator "ChessBase"]
[PlyCount "285"]
[EventDate "1984.07.22"]
[EventType "tourn"]
[EventRounds "11"]
[EventCountry "SUI"]
[EventCategory "10"]
[SourceTitle "MCL"]
[Source "ChessBase"]
[SourceDate "1999.07.01"]
[SourceVersion "1"]
[SourceVersionDate "1999.07.01"]
[SourceQuality "1"]

1. d4 {Huebner,R:Fünfundfünfzig feiste Fehler.Stamsried.1990.} Nf6 2. c4 g6 3.
Nc3 d5 4. Nf3 Bg7 5. Bg5 Ne4 6. cxd5 Nxg5 7. Nxg5 c6 8. dxc6 Nxc6 9. e3 e5 10.
d5 Qxg5 11. dxc6 O-O 12. h4 (12. Be2 $2 {Huebner,R-Kavalek,L/Montreal/1979/})
12... Qe7 (12... Qf5 $2 13. e4) 13. Nd5 Qd6 (13... Qe6 $2 14. Nc7 $1) (13...
Qc5 14. Rc1 Qa5+ 15. b4 Qxa2 16. Bc4 Qb2 17. Rb1 Qa3 18. Ra1 Qb2 19. Ra2 $18 {
Domination; Huebner}) 14. c7 $1 (14. Rc1 $6 {Kavalek} e4 15. b4 bxc6 16. Rxc6
Qe5 $132 (16... Qxc6 $2 17. Ne7+ $18)) 14... e4 $1 (14... Be6 $2 15. Nf6+ $18)
15. Bc4 Qc5 (15... Bxb2 16. Rb1 Be5 17. h5 $40) 16. Qc2 $16 b5 (16... Be6 17.
O-O-O Bxd5 (17... Rac8 18. b4 $18) 18. Bxd5 Qxc2+ 19. Kxc2 Rac8 20. Bxe4 Rxc7+
21. Kb1 {+-/+/-}) 17. Bb3 Qxc2 18. Bxc2 Re8 19. O-O-O Bb7 20. Kb1 Rac8 21. h5
Re5 22. Bb3 Bxd5 23. Rxd5 Rxc7 24. Rxe5 Bxe5 25. Rh4 Rd7 26. Rxe4 Bf6 27. hxg6
hxg6 28. Kc1 Rc7+ 29. Bc2 Kf8 30. a4 bxa4 31. Rxa4 Rb7 32. Ra2 Be7 33. Bd3 Bb4
34. Kd1 a5 35. b3 Rc7 36. Bc4 Kg7 37. Ke2 Kf6 38. f4 g5 39. g3 gxf4 40. gxf4
Ke7 41. e4 f6 42. Kf3 Rd7 43. Rh2 Rd2 44. Rh7+ Kd8 45. Ra7 Rf2+ 46. Kg3 Rd2 47.
Kg4 Rh2 48. Ra6 Bc3 49. Rc6 Ke7 50. Kg3 Rd2 51. Bd5 Bd4 52. Re6+ Kd7 53. Ra6
Bc3 54. Kf3 Ke7 55. Ra7+ Kd8 56. Kg4 Rf2 57. Bc6 Kc8 58. Bd7+ Kd8 59. Bb5 Rg2+
60. Kf3 Rd2 61. Ra8+ Kc7 62. Re8 Bd4 63. Re6 Rb2 64. Ba4 Rf2+ 65. Kg3 Re2 66.
Rc6+ Kb8 67. Rc4 Bb6 68. Kg4 Rg2+ 69. Kf5 Rd2 70. e5 fxe5 71. Kxe5 Bc7+ 72. Kf5
Kb7 73. Kg4 Rg2+ 74. Kf3 Rd2 75. f5 Kc8 76. Kg4 Kd8 77. Re4 (77. Rc5 $1 $18 Rf2
(77... Re2 78. Rd5+ Kc8 79. f6 Re5 80. f7 Re4+ 81. Kg5 Rf4 82. Bd7+ Kb8 83. Bf5
$18) (77... Bb6 78. Re5 Rc2 (78... Bc7 79. Re8#) (78... Rd6 79. Kg5 Kc8 80. f6
Bd8 81. Rf5 $18 {/\Kg6}) 79. f6 Bc5 80. Rd5+ Kc7 81. Rxc5+ Rxc5 82. f7 $18) 78.
Kh5 Re2 (78... Rf1 79. Kg6 Rg1+ 80. Kf7 Rf1 81. f6 Rf3 82. Rd5+ Kc8 83. Bd7+
Kb7 84. Ke7 $18) 79. Kg6 Re5 80. Rc6 Re8 81. f6 {/\Ra6} Be5 82. Rc5 $18) 77...
Bd6 78. f6 Rf2 79. Kg5 $10 (79. Re6 $142 $10 Kc7 (79... Bb4 80. Bb5 Rb2 81. Bc4
Ra2 82. Ra6 $16) 80. Bb5 Rb2 81. Re3 (81. Bc4 a4 82. bxa4 Rb4 $10) 81... Rf2
82. Rc3+ (82. Kg5 $2 Bf4+ $19) 82... Kb6 $10 83. Bd7 (83. Rc6+ Kxb5 84. Rxd6
Kb4 85. Rb6+ Kc5 86. Ra6 Kb5 87. Re6 Kb4 $10) (83. Ba4 Rxf6 84. Rc6+ Kb7 85.
Kg5 Re6 86. Kf5 Re5+ 87. Kf6 Bb8 $10) 83... Rxf6 84. Rc6+ Kb7 85. Kg5 Rf7 86.
Rxd6 Kc7 87. Be8 Re7 88. Rc6+ Kb7 $10) 79... Rf3 80. Re8+ Kc7 81. Re7+ Kb6 82.
Kg6 Ba3 83. Re2 Kc7 84. Re7+ Kd8 85. Rd7+ Kc8 86. Ra7 Rg3+ 87. Kh7 Rh3+ 88. Kg8
Rg3+ 89. Kh7 Rh3+ 90. Kg6 Rg3+ 91. Kf5 Rf3+ 92. Kg5 Bb2 93. f7 Ba3 94. Kg4 Kb8
95. Rd7 Rf6 96. Bb5 Kc8 97. Ra7 Bb4 98. Bc4 Kb8 99. Rd7 Kc8 100. Rd4 Kc7 101.
Re4 Kd7 102. Re8 Be7 103. Ra8 Bb4 104. Kg5 Be7 105. Ra7+ Kd8 106. Kg4 Bb4 107.
Rb7 (107. Kg5 $6 Be7 108. Ra8+ Kd7 109. Bb5+ Ke6) (107. Bd5 $18 {similar to
107.Kh5}) (107. Kh5 $1 {Zugzwang} Rf3 (107... Bd2 108. Ra8+ Ke7 109. Re8+ $18)
(107... Rc6 108. Rxa5 $18) (107... Rf2 108. Kg6 Rg2+ 109. Kf6 Rf2+ 110. Ke6 Rg2
111. Rd7+ Kc8 112. Ba6+ Kb8 113. Rb7+ Ka8 114. Rxb4 axb4 115. Ke7 $18) 108. Kg6
Rg3+ 109. Kf6 Rf3+ 110. Ke5 {/\Be6} Re3+ (110... Rc3 111. Rxa5 $1) 111. Kf4 Re1
112. Ra8+ (112. Rxa5 $1 $18)) 107... Kc8 $1 108. Ra7 $2 (108. Bd5 $1 {/\Kg5}
Rf1 109. Kg5 Rd1 (109... Rg1+ 110. Kf5 Rf1+ 111. Kg6 Rg1+ 112. Kh7 $18) 110.
Rxb4 Rxd5+ 111. Kg6 $18) (108. Rxb4 $2 axb4 109. Kg5 Rf2 110. Kg6 Kd7 111. Kg7
Ke7 $17) (108. Kg5 $2 Kxb7 109. Kxf6 Bf8 $10) (108. Ba6 Kd8 109. Kg5 Be7)
108... Kb8 {- game after move 98...Kb8} 109. Rd7 (109. Kg5 $2 Kxa7 110. Kxf6
Bf8 $10 111. Ke6 (111. Kg6 Kb6 112. Be6 Kc5 113. Bd7 Kd6 114. Ba4 Ke7 $10)
111... Kb6 112. Kd7 Kc5 113. Ke8 Bh6 114. Be2 (114. Be6 Kb4 115. f8=Q+ Bxf8
116. Kxf8 a4 $10) 114... Kb4 115. Bd1 Kc3 116. f8=Q Bxf8 117. Kxf8 Kd2 118. Bh5
Kc3 119. Bf7 Kb4 $10) 109... Kc8 110. Rd4 Kc7 111. Re4 Kd8 112. Re8+ Kd7 113.
Ra8 Ke7 114. Bd5 Kd7 115. Ra7+ Kd8 116. Bc4 Kc8 117. Kg5 Rf3 118. Bd5 Rf1 119.
Kg6 Rg1+ 120. Kh7 Rf1 121. Bc4 Rf3 122. Be6+ Kb8 123. Rd7 $1 (123. Rb7+ $2 Kxb7
124. Bd5+ Kb6 125. Bxf3 $10 Be7 126. Bg4 (126. Kg8 Kc5 127. f8=Q Bxf8 128. Kxf8
Kb4 129. Bd1 Kc3 130. Ke7 Kd2 131. Bh5 Kc3 132. Bd1 Kd2 133. Bh5 Kc3 134. Bf7
Kb4 $10 {/\a4}) 126... Kc5 127. Bd7 Kd6 128. Ba4 Bf8 129. Kg8 Ke7 $10) (123.
Ra8+ Kc7 $1 124. Rc8+ Kd6 $1 (124... Kb7 $2 125. Bd5+ Kxc8 126. Bxf3 $18) 125.
f8=Q+ (125. Bc4 Ke5 $10 {Activity of Black's king is good enough for a draw.})
125... Rxf8 126. Rxf8 Kxe6 127. Rd8 Bd6 $10 {/\Ke5->b4}) 123... Rf1 124. Rd5
Kc7 125. Rb5 Kd6 126. Bf5 Rh1+ 127. Kg8 Rg1+ 128. Kf8 Bc3 129. Rb6+ Kc5 130.
Rb8 Be5 131. Ke8 Bd6 132. Be6 Re1 133. Rc8+ Kb4 134. Rc4+ Kb5 135. Kd7 Rd1 136.
Re4 Rd2 137. Ke8 Rf2 138. Bd7+ $18 Kb6 (138... Kc5 $1 139. Rc4+ $1 {Huebner} (
139. Re7 $2 Bxe7 140. Kxe7 Kb4 141. Ba4 Re2+ 142. Kd7 Rf2 $10) (139. Re6 $1 {
Bobzin} Rf3 (139... Kd5 140. Re7 Bxe7 141. Kxe7 Re2+ 142. Kf6 Rf2+ 143. Bf5 $18
) 140. Ba4 Kd5 141. Rxd6+ Kxd6 142. f8=Q+ $18) 139... Kd5 (139... Kb6 140. Rc6+
$1) 140. Bc6+ Ke6 (140... Ke5 141. Ra4 Bb4 142. Rxb4 $1 axb4 143. f8=Q $18)
141. Re4+ $1 (141. Ra4 $2 Rxf7 $1 142. Bd5+ Kxd5 143. Kxf7 Bb4 $10) 141... Kf5
(141... Kf6 142. f8=Q+ Bxf8 143. Kxf8 Rc2 144. Ba4 Rc8+ 145. Re8 $18) 142.
f8=Q+ (142. Ra4 Re2+ $1 143. Kd7 {Draw according to the 50-move reglement.})
142... Bxf8 143. Kxf8 Rc2 144. Rc4 Rxc4 145. bxc4 Ke5 146. Ba4 Kd4 147. Bb3 Kc5
$1 (147... Kc3 148. Ba2 Kb2 (148... a4 149. c5 Kb2 150. Bf7 $18) 149. c5 Kxa2
150. c6 a4 151. c7 a3 152. c8=Q $18) 148. Ke7 a4 149. Ba2 Kb4 150. Kd6 Ka3 151.
Bb1 $1 (151. c5 Kxa2 152. c6 a3 153. c7 Kb2 154. c8=Q a2 $10) 151... Kb2 (
151... Kb3 152. Kc5 a3 153. Kb5 Kb2 154. Kb4 $18) (151... Kb4 152. c5 Kb3 153.
c6 a3 154. Be4 a2 155. Bd5+ Kb2 156. Bxa2 $18) 152. Kc5 Kxb1 153. Kb4 $18) 139.
Re7 Kc7 140. Be6+ Kc6 141. f8=Q Rxf8+ 142. Kxf8 Kc5 143. Bd7 1-0

[Event "Montreal International"]
[Site "Montreal"]
[Date "1979.04.29"]
[Round "14"]
[White "Huebner, Robert"]
[Black "Kavalek, Lubomir"]
[Result "0-1"]
[WhiteElo "2595"]
[BlackElo "2590"]
[Annotator "ChessBase"]
[PlyCount "50"]
[EventDate "1979.04.11"]
[EventType "tourn"]
[EventRounds "18"]
[EventCountry "CAN"]
[EventCategory "15"]
[SourceTitle "MCL"]
[Source "ChessBase"]
[SourceDate "1999.07.01"]
[SourceVersion "1"]
[SourceVersionDate "1999.07.01"]
[SourceQuality "1"]

1. d4 Nf6 2. c4 g6 3. Nc3 d5 4. Nf3 Bg7 5. Bg5 Ne4 6. cxd5 Nxg5 7. Nxg5 c6 $6
8. dxc6 Nxc6 9. e3 $1 (9. d5 Ne5 $13 10. e4 O-O 11. Be2 e6 12. Nf3 Nxf3+ 13.
Bxf3 exd5 14. Qxd5 Be6 $44) 9... e5 10. d5 Qxg5 11. dxc6 O-O 12. Be2 $6 (12.
Bc4 Qxg2 13. Bd5 e4 $19) (12. c7 {Tal} e4 $1 13. Rc1 (13. Nxe4 Qa5+ 14. Qd2
Qxd2+ 15. Kxd2 Bxb2 16. Rb1 Be5 17. Rc1 Bf5 $15) 13... Qa5 14. Qd2 Qxc7 15.
Nxe4 Qb6 16. Nc3 Rd8 $44) (12. Ne4 Qh4) (12. cxb7 Bxb7 $44) (12. h4 $1 Qe7 13.
Nd5 Qd6 (13... Qc5 $2 14. Rc1 Qa5+ 15. b4 Qxa2 16. Bc4 Qb2 17. Rb1 Qa3 18. Ra1
Qb2 19. Ra2 $18) 14. c7 $1 (14. Rc1 e4 15. b4 bxc6 16. Rxc6 Qe5 $132 (16...
Qxc6 $2 17. Ne7+)) 14... e4 15. Bc4 $16 {Huebner,R-Ftacnik,L/Biel/1984/1-0/})
12... Rd8 $1 13. Qa4 Qxg2 14. Qe4 Qxe4 15. Nxe4 bxc6 $17 16. Bc4 Kf8 {/\f5} 17.
Rc1 Ke7 18. Ke2 f5 19. Nc5 e4 20. b3 (20. Rc2 $142) 20... Bb2 21. Rc2 Ba3 22.
Na4 f4 23. exf4 Bg4+ 24. Ke3 Bd1 25. Rd2 Bf3 (25... Bf3 26. Rxd8 (26. Rg1 Rxd2
27. Kxd2 Bd6 $19) (26. Re1 Bb4 $19) 26... Rxd8 27. Rb1 Bb4 28. Rb2 Rd1 $19) 0-1

[Event "URS-ch U26"]
[Site "Minsk"]
[Date "1990.??.??"]
[Round "?"]
[White "Anastasian, Ashot"]
[Black "Epishin, Vladimir"]
[Result "1/2-1/2"]
[WhiteElo "2490"]
[BlackElo "2550"]
[Annotator "Ftacnik,L"]
[PlyCount "89"]
[EventDate "1990.01.??"]
[EventType "tourn"]
[EventRounds "13"]
[EventCountry "URS"]
[EventCategory "10"]
[SourceTitle "CBM 017"]
[Source "ChessBase"]
[SourceDate "1990.08.01"]
[SourceVersion "1"]
[SourceVersionDate "1990.08.01"]
[SourceQuality "1"]

1. d4 Nf6 2. c4 g6 3. Nf3 Bg7 4. Nc3 d5 5. Bg5 Ne4 6. Bf4 Nxc3 7. bxc3 dxc4 8.
Qa4+ (8. e3 Be6 9. Ng5 Bd5 10. e4 h6 11. exd5 hxg5 12. Qa4+ Kf8 13. Bxg5 Qxd5
14. Be3 b5 15. Qd1 a5 16. Be2 c6 17. a4 $36 {Guliev,S-Beshukov,S/
Voroshilovgrad/1989/}) 8... Nd7 9. e3 O-O 10. Qxc4 (10. Bxc4 c5) 10... c5 11.
Qa4 Nb6 12. Qa3 Be6 $5 13. Be2 (13. Qxc5 Rc8 14. Qa3 Nd5 15. Rc1 Nxf4 16. exf4
Bd5 $36) 13... cxd4 14. cxd4 Bc4 15. Bxc4 Nxc4 16. Qb4 Qd5 $1 17. O-O (17. Qxe7
Qa5+ (17... Rfe8 18. Qb4 Bxd4 19. Rd1 Bc5 20. Qb5 $1) 18. Ke2 Qa6 $40) 17... e6
18. Rab1 (18. Rac1 b5) 18... b6 19. Rfe1 Rac8 (19... f5 20. Rec1 {x e6,e5}) 20.
e4 Qb7 21. h4 Rfe8 22. Rbc1 (22. h5 e5 $1 $10) 22... b5 23. a4 a6 24. axb5 Qxb5
(24... axb5 25. Rb1 $14) 25. Qc3 h6 26. Rb1 Qd7 27. Qb3 Red8 28. Rec1 Nd6 29.
Qe3 Rxc1+ 30. Rxc1 Nb5 31. Bxh6 Nxd4 32. Bxg7 Kxg7 33. h5 Nxf3+ 34. Qxf3 Qd2
35. Ra1 Rc8 36. Ra3 Qc1+ 37. Kh2 Rh8 38. Rxa6 Rxh5+ 39. Kg3 Qh1 (39... Qg5+ 40.
Qg4 Qe5+ 41. Qf4 Rg5+ 42. Kf3 Qxf4+ 43. Kxf4 Rxg2 $15) 40. Qf4 Rh2 41. Qf3 Rh5
42. Qf4 g5 43. Qg4 Rh6 44. Ra5 e5 45. Ra8 {Ftacnik,L} 1/2-1/2

[Event "MK Cafe Cup-A"]
[Site "Koszalin"]
[Date "1999.08.10"]
[Round "7"]
[White "Nikolaidis, Ioannis"]
[Black "Schmidt, Wlodzimierz"]
[Result "1-0"]
[WhiteElo "2505"]
[BlackElo "2436"]
[Annotator "Ftacnik,L"]
[PlyCount "93"]
[EventDate "1999.08.03"]
[EventType "swiss"]
[EventRounds "9"]
[EventCountry "POL"]
[SourceTitle "CBM 073"]
[Source "ChessBase"]
[SourceDate "1999.12.01"]
[SourceVersion "1"]
[SourceVersionDate "1999.12.01"]
[SourceQuality "1"]

1. d4 Nf6 2. c4 g6 3. Nc3 d5 4. Nf3 Bg7 5. Bg5 Ne4 6. Bh4 Nxc3 7. bxc3 dxc4 8.
Qa4+ Qd7 9. Qxc4 b6 10. e3 Ba6 11. Qb3 Bxf1 12. Rxf1 O-O 13. Ke2 c5 14. dxc5
Na6 15. Rfd1 Qc7 (15... Qb7 16. c6 Qxc6 17. Bxe7 Rfe8 18. Ba3 Rad8 19. Rac1 Nc7
20. c4 Ne6 21. Kf1 Qe4 22. Rd5 Rc8 23. Qd3 Qxd3+ 24. Rxd3 Rc7 25. Nd2 f5 {
1/2-1/2 Grivas,E-Leko,P/Dortmund/1992/ (70)}) 16. cxb6 (16. c6 Nc5 17. Qc4 e6
18. Nd4 Qxh2 19. Be7 Rfc8 20. Bxc5 bxc5 21. Qxc5 Qxg2 22. Nf3 e5 {0-1 Haba,
P-Ilincic,Z/Prague/1989/ (40)}) 16... axb6 17. Bg3 (17. a4 Nc5 18. Qb4 Ra5 19.
Bg3 (19. Nd4 $5 $13) 19... e5 20. Nd2 Rfa8 21. Nc4 Nxa4 $1 22. Kf1 Bf8 23. Nd6
Nxc3 24. Rac1 Rc5 25. Rd3 Ne4 $1 {0-1 Lautier,J-Ivanchuk,V/Terrassa/1991/ (25)}
) 17... e5 $6 {There was no need to avoid the equalizing line 17...Qxc3, since
now the pressure along a1-h8 diagonal is over.} (17... Qxc3 18. Qxc3 Bxc3 19.
Rac1 {1/2-1/2 Ibragimov,I-Volzhin,A/Ubeda/1996/ (19)}) 18. Kf1 Nc5 19. Qd5 (19.
Qc4 $5) 19... Rfd8 (19... Rfe8 20. Qd6 $16) 20. Bxe5 Qe7 (20... Rxd5 21. Bxc7
Rxd1+ 22. Rxd1 Rxa2 23. Rd8+ Bf8 24. Bd6 Ra1+ 25. Ne1 Ne6 (25... Nd3 26. Ke2
Nxe1 (26... Rxe1+ 27. Kd2 Rf1 28. Bxf8 $18) 27. g4 $1 $18) 26. Rb8 Rc1 27. Bb4
$18) 21. Bd6 Qe8 $1 (21... Qe4 22. Qxe4 Nxe4 23. Bb4 (23. Be7 Rxd1+ 24. Rxd1
Nxc3 25. Rd6 b5 26. a3 Bf8 $14) 23... Rxd1+ 24. Rxd1 Bxc3 25. Bxc3 Nxc3 26. Rd3
Nxa2 27. Rb3 $14) 22. Qc4 (22. Rab1 Ne4 $17) 22... Ra4 $2 (22... Na4 $1 {
Due to the unexact play by Nikolaidis black had a golden chance to equalize
the play with the tactical motive 22...Na4!} 23. Qb3 Nxc3 24. Rd3 Qa4 25. Qxa4
Nxa4 26. Rc1 Nc5 27. Rdd1 Rxa2 28. Bxc5 Rxd1+ 29. Rxd1 bxc5 $11) 23. Qe2 Ne4 (
23... Bxc3 24. Rac1 Ne4 25. Rc2 $16) 24. Bb4 Rxd1+ (24... Bxc3 25. Rxd8 Qxd8
26. Bxc3 Nxc3 27. Qc2 $16) 25. Qxd1 (25. Rxd1 Bxc3 26. Bd6 Qe6 $15) 25... Rxb4
(25... Nxc3 26. Bxc3 Bxc3 27. Rc1 $14) 26. cxb4 Bxa1 27. Qxa1 Qb5+ 28. Kg1 Qxb4
29. Qd1 (29. h3 f5 $16) 29... Nc3 30. Qb3 Qa5 (30... Qxb3 31. axb3 $16) 31. a3
Nb5 32. a4 Nc3 33. h4 Nxa4 34. Ng5 Qe1+ $2 {Black panicked under pressure, the
correct and logical 34...Qa7 was only slightly unpleasant.} (34... Qa7 $1 35.
Ne4 Nc5 36. Nf6+ Kg7 37. Qb2 Qa5 $14) 35. Kh2 Qxf2 36. Qxa4 Qxe3 37. Qa8+ Kg7
38. Qa1+ Kg8 (38... f6 $2 39. Qa7+ $18) 39. Qf6 Qb3 (39... Qe8 40. Qxb6 $18)
40. Qd8+ Kg7 41. Qd4+ Kg8 42. Ne4 $1 b5 (42... h5 43. Nf6+ Kf8 44. Nd5 Kg8 45.
Nxb6 $18) 43. Nf6+ Kf8 (43... Kg7 44. Nh5+ Kh6 45. Qf4+ Kxh5 46. Qg5#) 44. Qd6+
Kg7 45. Nd7 Kh6 (45... h5 46. Qf8+ Kh7 47. Nf6#) 46. Qf8+ Kh5 47. Nf6+ (47.
Nf6+ Kxh4 48. Qh6#) 1-0

[Event "Munich"]
[Site "Munich"]
[Date "1990.??.??"]
[Round "?"]
[White "Van der Sterren, Paul"]
[Black "Beliavsky, Alexander G"]
[Result "1/2-1/2"]
[WhiteElo "2515"]
[BlackElo "2640"]
[Annotator "Ftacnik,L"]
[PlyCount "121"]
[EventDate "1990.04.??"]
[EventType "tourn"]
[EventRounds "11"]
[EventCountry "GER"]
[EventCategory "13"]
[SourceTitle "CBM 018"]
[Source "ChessBase"]
[SourceDate "1990.10.01"]
[SourceVersion "1"]
[SourceVersionDate "1990.10.01"]
[SourceQuality "1"]

1. d4 Nf6 2. c4 g6 3. Nc3 d5 4. Nf3 Bg7 5. Bg5 Ne4 6. Bh4 c5 7. cxd5 Nxc3 8.
bxc3 Qxd5 9. e3 cxd4 10. cxd4 Nc6 11. Be2 e5 12. dxe5 Qa5+ 13. Qd2 Qxd2+ 14.
Kxd2 Nxe5 15. Rab1 O-O 16. Nd4 Nc6 17. Nxc6 bxc6 18. Rhc1 h6 $5 {N} (18... Be6
19. Bc4 Rfe8 20. Rb7 $14 {Gheorghiu,F-Jansa,V/ Sochi 1976}) 19. Rxc6 g5 20. Bg3
Rd8+ (20... Bf5 21. Bd3 Rfd8 22. Rd6 Rxd6 23. Bxd6 Rd8 24. Rb8) 21. Rd6 $1 (21.
Ke1 Bf5 22. Rd1 Rxd1+ 23. Bxd1 Be4 $10) 21... Be6 22. a4 a5 (22... Rxd6+ 23.
Bxd6 Rd8 24. Rb8 Bc8 25. Bd3 Rxd6 26. Rxc8+ Bf8 27. Rc7 $16) 23. Rxd8+ Rxd8+
24. Bd3 Bd7 $1 (24... Bc4 25. Rb8 $16) 25. Bc7 Rc8 26. Bxa5 Bxa4 27. Be4 Bd7 (
27... Bc6 28. Rc1 Ra8 29. Rxc6 Rxa5 30. Rc8+ Bf8 31. g4 $36) 28. Bd5 Rc5 29.
Rb8+ Kh7 (29... Bf8 $2 30. Rxf8+ Kxf8 31. Bb4 $18) 30. Be4+ Bf5 (30... f5 31.
Bb4) 31. Bb4 Re5 32. Bc6 Be4 $1 33. Bxe4+ Rxe4 34. Kd3 Re6 35. Rb7 Kg6 36. g4
Be5 37. h3 Rf6 38. Ke4 Bh2 39. f3 h5 $1 40. Bc5 hxg4 41. hxg4 Re6+ 42. Kd5 Re5+
43. Kc4 Re6 44. Bd4 Bg3 45. Rb5 Rc6+ 46. Kd3 Re6 47. Rf5 Ra6 48. f4 gxf4 49.
exf4 Bh4 50. Ke4 Re6+ 51. Be5 Ra6 (51... f6 $2 52. Rh5 fxe5 53. f5+ $18) 52.
Rh5 Bf6 (52... Be1 $6 53. f5#) 53. Bxf6 Rxf6 54. f5+ Kg7 55. Rh1 Ra6 56. g5
Ra4+ 57. Kf3 Ra3+ 58. Kg4 Ra4+ 59. Kh5 f6 $1 60. Rb1 (60. g6 Rf4) 60... fxg5
61. Kxg5 1/2-1/2

[Event "Salamanca"]
[Site "Salamanca"]
[Date "1990.??.??"]
[Round "2"]
[White "Rodriguez Vargas, Orestes"]
[Black "Sion Castro, Marcelino"]
[Result "1/2-1/2"]
[WhiteElo "2500"]
[BlackElo "2365"]
[Annotator "Ftacnik,L"]
[PlyCount "45"]
[EventDate "1990.02.??"]
[EventType "tourn"]
[EventRounds "9"]
[EventCountry "ESP"]
[EventCategory "9"]
[SourceTitle "CBM 018"]
[Source "ChessBase"]
[SourceDate "1990.10.01"]
[SourceVersion "1"]
[SourceVersionDate "1990.10.01"]
[SourceQuality "1"]

1. d4 Nf6 2. c4 g6 3. Nc3 d5 4. Nf3 Bg7 5. Bg5 Ne4 6. cxd5 Nxg5 7. Nxg5 O-O 8.
Nf3 c6 9. dxc6 Nxc6 10. d5 Ne5 11. e3 e6 12. Nd4 {N} (12. Be2 exd5 13. Qxd5 Be6
14. Qxd8 Nxf3+ 15. Bxf3 Rfxd8 16. O-O Rd2 17. Rab1 Rc8 $44 {Ree,H-De Wit,J/
Amsterdam/1984/}) 12... exd5 13. Be2 Nc6 $10 14. O-O (14. Nxc6 $6 bxc6 15. O-O
Rb8 $15) 14... Nxd4 15. exd4 Qb6 16. Qb3 Qxb3 17. axb3 Bxd4 18. Nxd5 Be6 (18...
Bxb2 19. Ra2 Bd4 20. Rd1 Bc5 $2 21. b4) 19. Nc7 Rac8 20. Nxe6 fxe6 21. Bc4 Kg7
22. Rad1 e5 23. Rd2 {Ftacnik,L} 1/2-1/2